|
|
|
|
| LEADER |
00763nam a2200169Ia 4500 |
| 008 |
111204s1996 ii 000 0amal d |
| 041 |
|
|
|a mal
|
| 082 |
|
|
|a 850.92R
|
| 100 |
1 |
|
|a രാമകൃഷ്ണൻ, മലയാറ്റൂർ
|9 534488
|d 1927-1997
|
| 245 |
|
|
|a ഓർമ്മകളുടെ ആൽബം /
|c മലയാറ്റൂർ രാമകൃഷ്ണൻ
|
| 246 |
|
|
|a Ormmakalude Album
|
| 260 |
|
|
|b മാർഗി പബ്ലിക്കേഷൻസ്,
|a തിരുവനന്തപുരം:
|c 1996.
|
| 300 |
|
|
|a 282pages.
|
| 653 |
|
|
|a Biography
|
| 942 |
|
|
|c BK
|
| 999 |
|
|
|c 223219
|d 223219
|
| 952 |
|
|
|0 0
|1 0
|2 ddc
|4 0
|6 850_000000000000000_92R_RAM_O
|7 0
|9 246473
|a MAL
|b MAL
|c ST1
|d 2006-10-04
|g 75.00
|l 2
|o 850.92R RAM/O
|p MAL24387
|r 2017-03-21
|s 2017-02-25
|v 75.00
|y BK
|